000 00878nam a2200253 i 4500
001 000037372
003 DO-SdBNP
005 20231226131814.0
006 a||||gr|||| 00| 0
007 ta
008 120328e2004 dr adb 000 0 spa d
020 _a9945851403
040 _aDO-SdBNP
_bspa
_cBNPHU
_erda
082 4 _222
_bE56n
245 0 0 _aEncuesta nacional de demanda de capacitación:
_bendeca 2003.
264 1 _aSanto Domingo :
_bFundación Apec de Crédito Educativo,
_bSecretaría de Estado de Educación Superior, Ciencia y Tecnología,
_c2004.
300 _a132 páginas :
_bIlustraciones. gráficas, mapas ;
_c29 cm.
336 _2rdacontent
_atexto
_btxt
337 _2rdamedia
_asin mediación
_bn
338 _2rdacarrier
_avolumen
_bnc
500 _aIncluye bibliografía y notas al pie de las páginas.
590 _aInventariado 2023 / MF
942 _2ddc
_cLBS1
999 _c36862
_d36862